| 000 | 00447nam a2200181Ia 4500 | ||
|---|---|---|---|
| 008 | 240925s9999 xx 000 0 und d | ||
| 020 | _aNA | ||
| 082 | _a512 YUS | ||
| 100 | _aYusuf, S.M. | ||
| 245 | 0 | _aMathematical Methods | |
| 250 | _a2nd | ||
| 260 |
_aLahore: _bIlmi Kitab Khana _c,1996. |
||
| 300 |
_axi,585p. _bN.A _fOriginal |
||
| 500 | _aIncludes Index | ||
| 600 | _aHumanities & Natural Science | ||
| 650 | _aMathematics | ||
| 942 | _cBK | ||
| 999 |
_c9727 _d9727 |
||